000 00415nam a2200145Ia 4500
008 100204s9999 xx 000 0 und d
082 _b3544
100 _aकाटे श्रीकांत
245 _aपाउलखुणा
260 _bनेत्रा प्रकाशन
_c1980
300 _a121
630 _aपाउलखुणा
730 _aपाउलखुणा
942 _cBOOK
999 _c465557
_d465554